| 000 | 00484nam a2200181Ia 4500 | ||
|---|---|---|---|
| 005 | 20250508152906.0 | ||
| 008 | 008 250505s9999 xx 000 0 hin d | ||
| 037 | _aTextual | ||
| 040 |
_aFEDL _beng _cFEDL |
||
| 041 |
_ahin _2eng |
||
| 084 |
_aFH, MEH _qFEDL |
||
| 100 |
_aMehrotra Shanti _9762671 |
||
| 245 | 0 | _aKhula akash: Mere pankh | |
| 260 |
_aKashi, India _bBhartiya Gyanpeeth _c1962 |
||
| 300 | _a259p | ||
| 942 |
_cTEXL _hFH, MEH |
||
| 999 |
_c1339450 _d1339450 |
||